Successful commodity futures trading: How you can make money in commodity markets (Record no. 31693)

MARC details
000 -LEADER
fixed length control field 00413nam a2200145Ia 4500
082 ## - DEWEY DECIMAL CLASSIFICATION NUMBER
Classification number 339.172
Item number WAT
100 ## - MAIN ENTRY--AUTHOR NAME
Personal name MORLEY, J
245 #0 - TITLE STATEMENT
Title Successful commodity futures trading: How you can make money in commodity markets
250 ## - EDITION STATEMENT
Edition statement Ed.2
260 ## - PUBLICATION, DISTRIBUTION, ETC. (IMPRINT)
Place of publication Britain
Name of publisher Business
Year of publication 1974
650 ## - SUBJECT ADDED ENTRY--TOPICAL TERM
Topical Term Commodity futures trading
700 ## - ADDED ENTRY--PERSONAL NAME
Personal name WATLING, T F
942 ## - ADDED ENTRY ELEMENTS (KOHA)
Koha item type Books
Holdings
Withdrawn status Lost status Damaged status Not for loan Home library Current library Date acquired Full call number Accession Number Koha item type
        RRII Library RRII Library 16/12/2021 339.172 WAT 12234 Books